The interior plan : (Record no. 8802)

000 -LEADER
fixed length control field 01739cam a2200241 i 4500
003 - CONTROL NUMBER IDENTIFIER
control field OSt
005 - DATE AND TIME OF LATEST TRANSACTION
control field 20210112102722.0
008 - FIXED-LENGTH DATA ELEMENTS--GENERAL INFORMATION
fixed length control field 151001s2016 nyu 000 0 eng
010 ## - LIBRARY OF CONGRESS CONTROL NUMBER
LC control number 2015038284
020 ## - INTERNATIONAL STANDARD BOOK NUMBER
International Standard Book Number 9781501310478 (paperback)
020 ## - INTERNATIONAL STANDARD BOOK NUMBER
International Standard Book Number 9781501310485 (ePDF)
042 ## - AUTHENTICATION CODE
Authentication code pcc
082 00 - DEWEY DECIMAL CLASSIFICATION NUMBER
Classification number 729
Edition number 23
Item number REN
100 1# - MAIN ENTRY--PERSONAL NAME
Personal name Rengel, Roberto J.,
Relator term author.
245 14 - TITLE STATEMENT
Title The interior plan :
Remainder of title concepts and exercises /
Statement of responsibility, etc Roberto J. Rengel, University of Wisconsin--Madison.
250 ## - EDITION STATEMENT
Edition statement Second edition.
300 ## - PHYSICAL DESCRIPTION
Extent x, 336 pages
Dimensions 22 x 28 cm
520 ## - SUMMARY, ETC.
Summary, etc "This introductory-level text introduces students to the planning of interior environments, addressing both the contents of the environments and the process of interior space planning. Topics include the making of rooms, the design of effective spatial sequences, functional relationships among project parts, arrangement of furniture, planning effective circulation systems, making spaces accessible, and designing safe environments with efficient emergency egress systems. Exercises throughout the book facilitate learning by encouraging students to apply ideas and concepts immediately after reading about them. This second edition features logically re-organized content with coverage on accessibility and universal design throughout, providing for a more intuitive read. It also features new original artwork by the author and a new glossary for quick look-up of terms. Finally, there are new exercises that engage students and test their ability to apply what they have learned"--
650 #0 - SUBJECT ADDED ENTRY--TOPICAL TERM
Topical term or geographic name as entry element Interior architecture
Form subdivision Textbooks.
650 #7 - SUBJECT ADDED ENTRY--TOPICAL TERM
Topical term or geographic name as entry element ARCHITECTURE / Interior Design / General.
Source of heading or term bisacsh
906 ## - LOCAL DATA ELEMENT F, LDF (RLIN)
a 7
b cbc
c orignew
d 1
e ecip
f 20
g y-gencatlg
942 ## - ADDED ENTRY ELEMENTS (KOHA)
Source of classification or shelving scheme
Holdings
Withdrawn status Lost status Source of classification or shelving scheme Damaged status Koha normalized classification for sorting Not for loan Permanent location Current location Date acquired Total Checkouts Full call number Barcode Date last seen Date last borrowed Price effective from Koha item type
        729_000000000000000_REN   BMS College of Architecture, Design and Planning BMS College of Architecture, Design and Planning 2021-01-12 5 729 REN AR-UG2088 2025-10-06 2025-08-06 2021-01-12 UG Books
Copyright © 2025, The Librarian, Library and Information Centre, BMSCA D&P, Bengaluru. All Rights Reserved
web counter

Powered by Koha